000 00392nam a2200157Ia 4500
008 151213s9999 xx 000 0 und d
100 _aJohn G. Proakis
245 _aDigital Signal Processing
_cJohn G. Proakis
250 _a4th
260 _aNew Delhi
_bPearson Education
_c2007
300 _a8569 p.
650 _aE.E.E.
650 _ascience
700 _aJohn G. Proakis
999 _c4386
_d4386